Systém pre správu záznamov spoločenských zvierat na báze REST

Gespeichert in:
Bibliographische Detailangaben
1. Verfasser: Tóth, Andrej (Verfasst von)
Weitere Verfasser: Rábek, Matej (Betreuung Doktorarbeit)
Format: Manuskript Buch
Sprache:Slowakisch
Veröffentlicht: Bratislava : STU v Bratislave FEI, 2021
Schlagworte:
Online-Zugang:https://opac.crzp.sk/?fn=detailBiblioForm&sid=983A108C82E0ACEA915E746AE8A0&seo=CRZP-detail-kniha
Tags: Tag hinzufügen
Keine Tags, Fügen Sie das erste Tag hinzu!

MARC

LEADER 00000ntm a22000003a 4500
001 stuzp83894
003 SK-STU
005 20220223104954.7
007 ta
008 150427s2015----xo-----f-mn---000-0-slo-d
040 |a STU  |b slo 
041 0 |a slo 
044 |a xo 
100 1 |a Tóth, Andrej  |u 035000  |4 aut  |U FEI Fakulta elektrotechniky a informatiky  |T FEI Ústav informatiky a matematiky  |X 92376  |U E050  |Y 816  |7 92376 
242 0 1 |a REST based system for processing pet records  |y eng 
245 1 0 |a Systém pre správu záznamov spoločenských zvierat na báze REST 
260 |a Bratislava :  |b STU v Bratislave FEI,  |c 2021 
300 |a 60 s., príl. 
650 4 |a REST  |2 slo 
650 4 |a API  |2 slo 
650 4 |a javascript  |2 slo 
650 4 |a zviera  |2 slo 
650 4 |a nodejs  |2 slo 
650 4 |a veterinár  |2 slo 
650 4 |a javascipt  |2 eng 
650 4 |a veterinary  |2 eng 
650 4 |a animal  |2 eng 
650 4 |a REST  |2 eng 
650 4 |a API  |2 eng 
650 4 |a nodejs  |2 eng 
700 1 |a Rábek, Matej  |u 030400  |k Z2  |4 ths  |U FEI Fakulta elektrotechniky a informatiky  |T FEI Ústav automobilovej mechatroniky  |X 8855  |U E400  |Y 642  |7 A000008855 
856 4 |u https://opac.crzp.sk/?fn=detailBiblioForm&sid=983A108C82E0ACEA915E746AE8A0&seo=CRZP-detail-kniha